<?xml version="1.0" encoding="UTF-8"?>
<collection xmlns:xsi="http://www.w3.org/2001/XMLSchema-instance" xsi:schemaLocation="http://www.loc.gov/MARC21/slim http://www.loc.gov/standards/marcxml/schema/MARC21slim.xsd" xmlns="http://www.loc.gov/MARC21/slim">
 <record>
  <leader>00000cam a22000003i 4500</leader>
  <controlfield tag="001">UP-1685594773862447777</controlfield>
  <controlfield tag="003">Buklod</controlfield>
  <controlfield tag="005">20250819120021.0</controlfield>
  <controlfield tag="006">m     |  |        </controlfield>
  <controlfield tag="007">ta</controlfield>
  <controlfield tag="008">250819s2018    enkab   rb   |001 0|eng d</controlfield>
  <datafield tag="020" ind1=" " ind2=" ">
   <subfield code="a">9781107555655 (Paperback)</subfield>
  </datafield>
  <datafield tag="035" ind1=" " ind2=" ">
   <subfield code="a">(iLib)UPBAG-00044663997</subfield>
  </datafield>
  <datafield tag="037" ind1=" " ind2=" ">
   <subfield code="a">BC-76646</subfield>
   <subfield code="b">Mind Mover Publishing House, Inc.</subfield>
   <subfield code="c">Php5,180.00</subfield>
   <subfield code="n">Department of Biology Faculty</subfield>
  </datafield>
  <datafield tag="037" ind1=" " ind2=" ">
   <subfield code="a">BC-76144, BC-76145, BC-76146, BC-76147, BC-76148, BC-76149, BC-76150</subfield>
   <subfield code="b">SERVE Enterprises</subfield>
   <subfield code="c">Php6,495.00</subfield>
   <subfield code="n">Aris Reginaldo</subfield>
  </datafield>
  <datafield tag="040" ind1=" " ind2=" ">
   <subfield code="a">DLC</subfield>
   <subfield code="d">BAG</subfield>
   <subfield code="e">rda</subfield>
  </datafield>
  <datafield tag="041" ind1="0" ind2=" ">
   <subfield code="a">eng</subfield>
  </datafield>
  <datafield tag="090" ind1=" " ind2="0">
   <subfield code="a">QK 566</subfield>
   <subfield code="b">L44 2018</subfield>
  </datafield>
  <datafield tag="100" ind1="1" ind2=" ">
   <subfield code="a">Lee, Robert Edward</subfield>
   <subfield code="d">1942-</subfield>
   <subfield code="e">author.</subfield>
  </datafield>
  <datafield tag="245" ind1="1" ind2="0">
   <subfield code="a">Phycology</subfield>
   <subfield code="c">Robert Edward Lee.</subfield>
  </datafield>
  <datafield tag="250" ind1=" " ind2=" ">
   <subfield code="a">Fifth edition.</subfield>
  </datafield>
  <datafield tag="264" ind1=" " ind2="1">
   <subfield code="a">Cambridge, [England]</subfield>
   <subfield code="b">Cambridge University Press</subfield>
   <subfield code="c">2018.</subfield>
  </datafield>
  <datafield tag="300" ind1=" " ind2=" ">
   <subfield code="a">xii, 535 pages</subfield>
   <subfield code="b">illustrations, maps</subfield>
   <subfield code="c">26 cm</subfield>
  </datafield>
  <datafield tag="336" ind1=" " ind2=" ">
   <subfield code="a">text</subfield>
   <subfield code="2">rdacontent</subfield>
  </datafield>
  <datafield tag="337" ind1=" " ind2=" ">
   <subfield code="a">unmediated</subfield>
   <subfield code="2">rdamedia</subfield>
  </datafield>
  <datafield tag="338" ind1=" " ind2=" ">
   <subfield code="a">volume</subfield>
   <subfield code="2">rdacarrier</subfield>
  </datafield>
  <datafield tag="504" ind1=" " ind2=" ">
   <subfield code="a">Includes bibliographical references and index.</subfield>
  </datafield>
  <datafield tag="505" ind1="0" ind2=" ">
   <subfield code="a">Part I. Introduction : 1. Basic characteristics of the algae -- Part II. The Prokaryotic Algae : 2. Cyanobacteria -- Part III. Evolution of the Chloroplast : 3. Glaucophyta ; 4. Rhodophyta ; 5. Chlorophyta -- Part IV. Evolution of One Membrane of Chloroplast Endoplasmic Reticulum : 6. Euglenophyta ; 7. Dinophyta ; 8. Apicomplexa -- Part V. Evolution of Two Membranes of Chloroplast Endoplasmic Reticulum and the Chlorarachniophyta : 9. Cryptophyta ; 10. Heterokontophyta, Chrysophyceae ; 11. Heterokontophyta, Synurophyceae ; 12. Heterokontophyta, Eustigmatophyceae ; 13. Heterokontophyta, Pinguiophyceae ; 14. Heterokontophyta, Dictyochrophyceae ; 15. Heterokontophyta, Pelagophyceae ; 16. Heterokontophyta, Bolidophyceae ; 17. Heterokontophyta, Bacillariophyceae ; 18. Heterokontophyta, Raphidophyceae ; 19. Heterokontophyta, Xanthophyceae ; 20. Heterokontophyta, Phaeothamniophyceae ; 21. Heterokontophyta, Phaeophyceae ; 22. Prymnesiophyta ; 23. Algae and the environment.</subfield>
  </datafield>
  <datafield tag="650" ind1=" " ind2="0">
   <subfield code="a">Algology.</subfield>
  </datafield>
  <datafield tag="905" ind1=" " ind2=" ">
   <subfield code="a">FO</subfield>
  </datafield>
  <datafield tag="852" ind1="0" ind2=" ">
   <subfield code="a">UPBAG</subfield>
   <subfield code="b">UPBAG-MAIN</subfield>
   <subfield code="h">QK 566</subfield>
   <subfield code="i">L44 2018</subfield>
  </datafield>
  <datafield tag="942" ind1=" " ind2=" ">
   <subfield code="a">Book</subfield>
  </datafield>
 </record>
</collection>
